Junior Eurovision Song Contest 2019 Artists - Statistics

General Stats
  • This quiz has been taken 252 times
  • The average score is 14 of 20
Answer Stats
Country Artist % Correct
Poland Viki Gabor
92%
France Carla
91%
Spain Melani García
82%
Netherlands Matheu
78%
Belarus Liza Misnikova
76%
Australia Jordan Anthony
74%
Armenia Karina Ignatyan
74%
N. Macedonia Mila Moskov
74%
Ireland Anna Kearney
73%
Italy Marta Viola
73%
Ukraine Sophia Ivanko
70%
Wales Erin Mai
66%
Malta Eliana Gomez Blanco
65%
Serbia Darija Vračević
64%
Albania Isea Çili
60%
Russia Tatyana Mezhentseva
59%
Portugal Joana Almeida
58%
Georgia Giorgi Rostiashvili
57%
Kazakhstan Yerzhan Maksim
54%
Russia Denberel Oorzhak
51%
No matching quizzes found
Score Distribution
Percent of People with Each Score
Percentile by Number Answered
Your Score History
You have not taken this quiz